Podvojné účtovníctvo opravné položky a rezervy v účtovných a daňových súvislostiach

Opravné položky a rezervy riešené v piatej časti zákona č. 431/2002 Z.z. o účtovníctve, ktorá sa zaoberá spôsobmi oceňovania. Ilustračné príklady.

Saved in:
Bibliographic Details
Main Author: Cígerová, Nadežda
Format: Book Chapter
Language:Slovak
Subjects:
Tags: Add Tag
No Tags, Be the first to tag this record!

MARC

LEADER 00000naa a2200000 4500
001 0245501
005 20221104111016.3
041 0 |a slo 
044 |a SK 
245 1 0 |a Podvojné účtovníctvo  |b opravné položky a rezervy v účtovných a daňových súvislostiach  |c Nadežda Cígerová 
520 |a Opravné položky a rezervy riešené v piatej časti zákona č. 431/2002 Z.z. o účtovníctve, ktorá sa zaoberá spôsobmi oceňovania. Ilustračné príklady. 
610 2 0 |a účtovníctvo podvojné 
610 2 0 |a položky opravné 
610 2 0 |a oceňovanie 
610 2 0 |a riziko 
610 2 0 |a pohľadávky 
610 2 0 |a zákony 
610 2 0 |a novelizácia 
100 1 |a Cígerová, Nadežda